000 00544ntaaa2200193 4500
003 01
005 20251027202444.0
008 0714s1973 ag 01
040 _aAR-BaBN
_bspa
_cAR-BaBN
_eaacr
_dRIC
082 _a266.0250 F82
100 _aFowler, Franklin T.
_923402
245 _aMedical mission consultations; Latin America 1964-1965.
250 _a1 ed.
260 _aRichmond,
_c1965
500 _aconferencias de misiones médicas en América Latina
650 _aMisiones Médicas
650 _aMedicina-Misiones
_923305
942 _cBK
999 _c19534
_d19534